000 00356nam a2200133Ia 4500
008 240624s9999 xx 000 0 und d
041 _aeng
082 _a658.11 SAU
100 _aSAUNDERS ELIZABETH GRACE
245 _a3 SECRETS TO EFFECTIVE TIME INVEST
260 _c2013
_aNew Delhi
_bTata McGraw-Hill
300 _a255 : p. : cm. ; 28
365 _cRS
_b33
999 _c26127
_d26127